Serienquiz#1 - Statistiken

Allgemein
  • Dieses Quiz wurde 278 mal gespielt
    276 seit der letzten Aktualisierung
  • Das Durchschnittsergebnis liegt bei 6 aus 15
Antwortstatistiken
Frage Antwort % Korrekt
Um welches Brettspiel geht es in der Serie "Das Damengambit"? Schach
69%
Welches ist die beste Serie lt. IMDb? Breaking Bad
56%
Welches Lied schaffte es erneut zu guten verkaufzahlen dank der Serie Stranger Things? (Max´s Song) Running Up That Hill (Kate Bush)
56%
Womit ziehen die Freunde in der Serie "Friends" Ross immer wieder auf auf? das er insgesamt 3 Mal geheiratet hat
51%
Welchen Cocktail bestellt Sheldon Cooper bei Penny, nachdem Sie ihm keine Diät Cola ausschenken möchte? Cuba Libre
46%
Was war das Markenzeichen vom Hauptantagonisten "Red John" in der Serie The Mentalist? Ein großer roter Smiley
46%
Robert Aramayo spielt in "Der Herr der Ringe: Die Ringe der Macht" Elrond Herr von Bruchtal. In welcher Serie spielt er außerdem mit? Game of Thrones
41%
Wie heißt das Pferd von Geralt von Riva dem Witcher in der Serie "The Witcher"? Plötze
38%
"Was hat zwei Daumen und scheißt auf ihr Gelaber?" wer hat das in der Serie Srcubs die Anfänger gesagt? Dr. Robert Kelso
33%
Was bedeutet die Abkürzung SAMCRO aus der Serie Sons of Anarchy? Sons of Anarchy Motorcycle Club Redwood Original
31%
Was wollte Doug professionell als Vertreter verkaufen und konnte es nicht loswerden? Folge Dumm gelaufen Staffel 2 Folge 22 Wasserfilter
29%
Wie heißt das neue Karate Dojo von Johnny Lawrence, nachdem er nicht weiter den Weg von Cobra Kai gehen wollte? Eagle Fang Karate
25%
Welchen Wagen fährt Walter White in der Serie "Breaking Bad". Pontiac Aztek
25%
Welchen Song singen Ted Mosby und Barney Stinson in der Serie "How I met your Mother" in der Folge" Die Zeitreisenden" Staffel 8 folge 20? The Longest Time
23%
Wer oder was war "Spot" in der Serie "Raumschiff Enterprise: Das nächste Jahrhundert" Katze
14%
Keine übereinstimmenden Quizze gefunden
Verteilung der Resultate
Anzahl Personen mit jedem Resultat
Perzentil nach korrekt beantworteten Fragen
Ihre Resultats-Entwicklung
Sie haben dieses Quiz seit der letzten Aktualisierung nicht gespielt